Les joueurs avec le plus de Ballon d'or - Statistiques

Statistiques générales
  • Ce quiz a été pris 479 fois
  • Le résultat moyen est 6 sur 7
Statistiques - réponses
Nombre de
Ballons d'or et
Nationalité
Joueur % Correct
8 - Argentin Lionel Messi
100%
5 - Portugais Cristiano Ronaldo
99%
2 - Brésilien Ronaldo Nazario
88%
3 - Français Michel Platini
84%
3 - Hollandais Johan Cruyff
75%
3 - Hollandais Marco Van Basten
58%
2 - Allemand Franz Beckenbauer
49%
Aucun quiz correspondant
Distribution des résultats
% des personnes avec chaque résultat
Percentile par nombre de réponses
Votre historique - résultats
Vous n’avez pas pris ce quiz